00742nam a2200193 i 450000100060000000300090000600500170001500700030003200800410003508000240007610000380010024501540013826000480029230000280034050000960036860000210046471000280048585200350051391719ES-MaACL20250809063511.0t|050209s1995 sp ||||1| spa d a929 Torres, Luis de1 aVilar, Juan Bautista, d1941-201810aNuevos datos para una biografía del judío converso Luis de Torres, intérprete oficial en la primera expedición colombina / cJuan Bta. Vilar. aGranada : bUniversidad de Granada, c1995. ap. [247]-261 ; c24 cm. aSeparata de: Miscelánea de Estudios Arabes y Hebraicos, sección árabe-islam, vol. 44.14aTorres, Luis de.2 aUniversidad de Granada. aES-MaACLj2186-F-25 bR.135364